000 00762nam a22002177a 4500
999 _c17333
_d17333
003 AR-CdUCM
008 190508b ||||| |||| 00| 0 spa d
040 _aMUNICIPALIDAD PROVINCIAL DEL CUSCO
_cBIBLIOTECA MUNICIPAL DEL CUSCO
082 _a985.23 /
_bC19
100 _aCalvo, Eduardo
_937292
245 _aBarranco :
_bsu paisaje, su gente /
260 _aBarranco :
_bMinerva,
_c1960.
300 _a184 páginas ;
_c17 cm.
505 _aContenido: Barranco, su paisaje, su gente -- Martín Adán, gran poeta barranquino -- Juan de Arona, impresiones sobre Barranco ...
650 _aCostumbres barranquinas
_937293
650 _aHistoria
_9136
650 _aHomenaje
_91697
650 _aBarranco
_937294
942 _2ddc
_cLIBROS
945 _aacv
_d2019-05-08